LEADER 01049naa a2200229 u 4500 001 000000095574 003 CaOOAMICUS 005 20070226130143.0 008 040705s1986 it u000 u ita u 020 $a8806593412 035 $a11002995 040 $aIAR$bita 100 1 $aDonati, Claudio,$d1950-2008.$0(OLS)http://pul/name/15039 245 13$aLa Chiesa di Roma tra antico regime e riforme settecentesche :$b(1675-1760) /$cClaudio Donati. 260 $aTorino :$bGiulio Einaudi,$c1986. 300 $aS. 721-767, ;$c22 cm 651 4$aItalia$xStoria ecclesiastica$ySec. XVII-XVIII.$0(OLS)http://pul/subject/30407 773 0 $aStoria d'Italia (Giulio Einaudi ed.)$gAnnali 9. 773 0 $tStoria d'Italia. Annali. 9, La Chiesa e il potere politico dal Medioevo all'età contemporanea$w()28851 996 $6020$a8806593412$9(OLS)http://pul/number/35870 996 $6245$aLa Chiesa di Roma tra antico regime e riforme settecentesche :$b(1675-1760)$9(OLS)http://pul/title/122451 996 $6260$aTorino :$bGiulio Einaudi$9(OLS)http://pul/publisher/54573 LEADER 01022nam a2200253 u 4500 001 000000081061 003 CaOOAMICUS 005 20070226123720.0 008 050314n it u000 u ita u 035 $a11033814 040 $aPUL(R)$bita 100 1 $aRotta, Paolo,$d1873-$0(OLS)http://pul/name/4223 245 10$aDizionarietto filosofico /$cPaolo Rotta. 260 $aComo :$bMarzorati,$c[S.d.] 300 $a133 p. ;$c18 cm 490 1 $aCollezione filosofica 650 4$aFilosofia$vDizionari.$0(OLS)http://pul/subject/2290 830 0$aCollezione filosofica (Marzorati).$0(OLS)http://pul/title/71635 850 $aPUL 852 $aPUL$W1$xDP1 Fondo Cecchetti$y53$m260 V 83$j103454$nBK-PRI$b $qFondi$B103454$CPULBib$Z2$F103454 $82 852 $aPUL$W1$xDP1 Fondo Cecchetti$y53$m260 M 71$j103455$nBK-PRI$b $qFondi $B103455$CPULBib$Z2$F103455 $82 941 1 $a1 996 $6245$aDizionarietto filosofico$9(OLS)http://pul/title/106071 996 $6260$aComo :$bMarzorati$9(OLS)http://pul/publisher/68809